[Event "U.S. Amateur North"]
[Site "Detroit, MI"]
[Date "2003.05.17"]
[Round "3.2"]
[White "Kahn, Aaron"]
[Black "Babka, Jay"]
[Result "1-0"]
[WhiteElo "1934"]
[BlackElo "1721"]
[PlyCount "117"]
[EventDate "2003.05.17"]

1. c4 e5 2. g3 Nc6 3. Bg2 f5 4. Nc3 Bb4 5. e3 Bxc3 6. bxc3 d6 7. Ne2 Be6 8. Qb3
Na5 9. Qa4+ c6 10. d3 Nf6 11. O-O O-O 12. Ba3 Rf7 13. Bb4 Nxc4 14. dxc4 Bxc4
15. Rfe1 Ne4 16. Rad1 b5 17. Qc2 d5 18. Nc1 a5 19. Ba3 h5 20. Nd3 Qf6 21. f3
Nd6 22. f4 Bxd3 23. Qxd3 e4 24. Qd4 Nc4 25. Bc1 a4 26. Bf1 Qe7 27. Bxc4 bxc4
28. Re2 a3 29. Bd2 Qb7 30. Be1 Rff8 31. h3 Ra6 32. Rg2 Rb6 33. g4 hxg4 34. hxg4
Rb2 35. Bh4 Rxg2+ 36. Kxg2 Qb2+ 37. Qd2 Rb8 38. gxf5 Qxd2+ 39. Rxd2 Rb2 40. Be1
c5 41. Kf1 d4 42. exd4 cxd4 43. Rxd4 Rxa2 44. Rxe4 Rh2 45. Rxc4 a2 46. Ra4 Kf7
47. Bf2 Rh1+ 48. Bg1 Rh3 49. Rxa2 Rxc3 50. Kg2 Rb3 51. Bd4 Rb5 52. Be5 g5 53.
Ra7+ Kf8 54. Kf3 gxf4 55. Kxf4 Rb1 56. Kg5 Rb5 57. Bg7+ Kg8 58. Kg6 Ra5 59. Bd4
1-0

[Event "U.S. Amateur North U1600"]
[Site "Detroit, MI"]
[Date "2003.05.17"]
[Round "2.9"]
[White "Jones, Cedric"]
[Black "Johnson, Marshall"]
[Result "1/2-1/2"]
[WhiteElo "967"]
[BlackElo "1293"]
[PlyCount "112"]
[EventDate "2003.05.17"]

1. e4 c5 2. Nf3 Nc6 3. d4 cxd4 4. Nxd4 g6 5. Nc3 Bg7 6. Be3 Nf6 7. Bd3 O-O 8.
O-O d5 9. Re1 dxe4 10. Nxc6 bxc6 11. Nxe4 Nd5 12. c3 Nxe3 13. Rxe3 Qb6 14. b3
Be6 15. Qe2 a5 16. a4 Qxb3 17. Rb1 Qxa4 18. Bc2 Qc4 19. Bd3 Qa2 20. Qf1 Rfb8
21. Rxb8+ Rxb8 22. Ng5 Bd5 23. Be4 e6 24. Bxd5 cxd5 25. h3 Qc4 26. Qxc4 dxc4
27. Ne4 Rb1+ 28. Kh2 Rb3 29. Nd6 Rxc3 30. Rxc3 Bxc3 31. Nxc4 a4 32. Kg3 Bb4 33.
Ne3 a3 34. Nc2 a2 35. f4 Bc3 36. Kg4 a1=Q 37. Nxa1 Bxa1 38. Kg5 f6+ 39. Kh4 e5
40. fxe5 fxe5 41. Kg5 Kg7 42. g4 h6+ 43. Kh4 Kf6 44. Kg3 Bc3 45. Kf3 Kg5 46.
Kg3 Be1+ 47. Kf3 Kh4 48. Kg2 Bg3 49. Kh1 Kxh3 50. g5 Bf4 51. gxh6 Bxh6 52. Kg1
Kg3 53. Kh1 e4 54. Kg1 e3 55. Kf1 Kf3 56. Ke1 e2 1/2-1/2

[Event "U.S. Amateur North U1600"]
[Site "Detroit, MI"]
[Date "2003.05.17"]
[Round "1.7"]
[White "Jones, Cedric"]
[Black "Collins, Michael"]
[Result "0-1"]
[WhiteElo "967"]
[BlackElo "1416"]
[PlyCount "118"]
[EventDate "2003.05.17"]

1. e4 e5 2. Nf3 Nc6 3. d4 exd4 4. Nxd4 Bc5 5. Be3 Nf6 6. Nxc6 bxc6 7. Bxc5 Nxe4
8. Qe2 Qh4 9. Nc3 d6 10. Ba3 O-O 11. Nxe4 Re8 12. O-O-O Qf4+ 13. Kb1 Bg4 14. f3
Rxe4 15. Qxe4 Qxe4 16. fxe4 Bxd1 17. h3 Re8 18. g4 Bf3 19. Rh2 Rxe4 20. b3 Re1+
21. Kb2 Rxf1 22. Rd2 Rh1 23. Bc5 a6 24. Rd3 Rxh3 25. Re3 f6 26. Ba7 Bxg4 27.
Rxh3 Bxh3 28. Bb8 d5 29. Bxc7 h5 30. Bg3 g5 31. Kc3 f5 32. b4 Kf7 33. Kd4 Ke6
34. Kc5 Kd7 35. Kb6 Bf1 36. a4 f4 37. Bf2 h4 38. b5 axb5 39. a5 c5 40. a6 Bg2
41. Kxc5 h3 42. Bg1 d4 43. Kxd4 f3 44. Ke3 Kc7 45. a7 Kb7 46. c4 bxc4 47. Kd4
h2 48. Bxh2 f2 49. Kxc4 f1=Q+ 50. Kd4 Qf2+ 51. Ke5 Qe3+ 52. Kf6 Be4 53. Bb8 g4
54. Kf7 Qh6 55. Ke8 Qg7 56. Kd8 Qf7 57. Bd6 Bc6 58. Be7 Qd5+ 59. Bd6 Qxd6# 0-1

[Event "U.S. Amateur North U1600"]
[Site "Detroit, MI"]
[Date "2003.05.17"]
[Round "1.2"]
[White "Johnson, Marshall"]
[Black "Durbin, Ricky"]
[Result "0-1"]
[WhiteElo "1293"]
[BlackElo "1579"]
[Annotator "Marshall Johnson"]
[PlyCount "100"]
[EventDate "2003.05.17"]

1. Nf3 c5 2. g3 d6 3. Bg2 Nf6 4. O-O e6 5. c4 Be7 6. d4 cxd4 7. Nxd4 a6 8. Nc3
Qc7 9. Qa4+ Bd7 $6 10. Qb3 $2 Nc6 11. Nxc6 Bxc6 12. e4 Rc8 13. Be3 O-O $6 14.
Bb6 Qb8 15. Rfd1 Nd7 16. Be3 Nc5 17. Qb6 Bf6 $6 (17... Nd7 $15) 18. Bd4 Be7 19.
Rd2 Qa8 20. Rad1 a5 21. Bxc5 dxc5 22. Qb3 $6 h6 23. Nb5 Qb8 $6 24. Nd6 Rcd8 25.
e5 $1 Bxg2 26. Kxg2 Bxd6 $2 27. exd6 Rd7 28. Qb6 Qd8 $2 (28... Qa8 $1 29. Rd3
Rc8 $15) 29. Qxc5 Qa8 30. Qb6 Rc8 31. b3 Rc6 32. Qe3 $2 b6 33. Kg1 Qe8 34. Qe4
Rc5 35. a3 $6 Qc8 36. Rc2 b5 $1 37. Rdd2 Qb8 38. Qd4 Qc8 39. Qd3 Qb8 40. b4 $2
{White blows it here -- he doesn't realize that he'll drop the d-pawn on move
43.} ({Better was:} 40. Qe3 Qc8 41. Qe4 a4 42. bxa4 bxc4 43. Rd4 c3 44. Rd3 Rc6
45. Qe5 Qa6 46. Rcxc3 Rcxd6 47. Rxd6 Rxd6 48. Rc1 Qd3 49. a5 $14) 40... axb4
41. axb4 bxc4 42. Rxc4 Rd5 43. Qc3 Qxd6 44. Rc8+ Kh7 45. Rb2 $2 Rd1+ 46. Kg2
Qd5+ 47. f3 Rd3 48. Qc2 $4 Qxf3+ 49. Kg1 g6 50. Qf2 $2 Rd1+ {White Resigns} 0-1

[Event "U.S. Amateur North"]
[Site "Detroit, MI"]
[Date "2003.05.17"]
[Round "2.2"]
[White "Jarosz, Stan"]
[Black "Garrison, Ray"]
[Result "1/2-1/2"]
[WhiteElo "2010"]
[BlackElo "1869"]
[PlyCount "92"]
[EventDate "2003.05.17"]

1. d4 f5 2. Nc3 Nf6 3. Bg5 g6 4. Bxf6 exf6 5. e3 b6 6. Qf3 Nc6 7. Bd3 Rb8 8.
Nge2 Bb7 9. Qh3 Nb4 10. O-O-O Be4 11. Bxe4 fxe4 12. a3 Nc6 13. Nxe4 f5 14. Nd2
b5 15. Nf4 b4 16. a4 Qf6 17. Qf3 Kd8 18. Nc4 b3 19. c3 g5 20. d5 Ne5 21. Nxe5
Qxe5 22. Nd3 Qf6 23. e4 f4 24. e5 Qa6 25. Qe4 h5 26. h4 g4 27. Nxf4 Bh6 28. Kb1
Kc8 29. e6 Bxf4 30. Qxf4 dxe6 31. dxe6 Qxe6 32. Rhe1 Qg6+ 33. Qe4 Qxe4+ 34.
Rxe4 Rf8 35. Rd2 Rb6 36. Rde2 Rd6 37. Rd4 Rdf6 38. Rb4 Rxf2 39. Rxf2 Rxf2 40.
Rxb3 c6 41. Rb4 Rxg2 42. Rc4 Kc7 43. Rc5 Rh2 44. Rxh5 g3 45. Ka2 g2 46. Rg5
Rxh4 1/2-1/2

[Event "U.S. Amateur North"]
[Site "Detroit, MI"]
[Date "2003.05.17"]
[Round "2.1"]
[White "Ho, Randy"]
[Black "Davidovich, Manis"]
[Result "0-1"]
[WhiteElo "1888"]
[BlackElo "2117"]
[PlyCount "48"]
[EventDate "2003.05.17"]

1. e4 d5 2. exd5 Nf6 3. d4 Bg4 4. Be2 Bxe2 5. Nxe2 Qxd5 6. O-O Nc6 7. b3 O-O-O
8. c4 Qf5 9. d5 e6 10. Nd4 Nxd4 11. Qxd4 b6 12. Ba3 c5 13. Qc3 Bd6 14. Bb2 exd5
15. cxd5 Nxd5 16. Qc4 Nf4 17. g3 Qh3 18. gxf4 Qg4+ 19. Kh1 Qf3+ 20. Kg1 Bxf4
21. Nc3 Rd6 22. Ne4 Bxh2+ 23. Kxh2 Rh6+ 24. Kg1 Rh1# 0-1

[Event "U.S. Amateur North U1600"]
[Site "Detroit, MI"]
[Date "2003.05.17"]
[Round "1.1"]
[White "Grzegorczyk, Ron"]
[Black "Beydoun, Mohammed"]
[Result "1/2-1/2"]
[WhiteElo "1590"]
[BlackElo "1316"]
[PlyCount "99"]
[EventDate "2003.05.17"]

1. e4 c5 2. Nf3 Nc6 3. d4 cxd4 4. Nxd4 Nf6 5. Nc3 a6 6. Be2 e6 7. O-O Be7 8.
Nxc6 bxc6 9. e5 Nd5 10. Nxd5 cxd5 11. c4 dxc4 12. Bxc4 Qc7 13. Qe2 O-O 14. b3
d5 15. Bd3 a5 16. Bb2 Bd7 17. Qc2 Qxc2 18. Bxc2 Rfc8 19. Bd3 f6 20. f4 f5 21.
Rfc1 Bc5+ 22. Kf1 Be3 23. Rxc8+ Rxc8 24. g3 g5 25. fxg5 Bxg5 26. Ke2 h5 27. Kf3
Bd2 28. Rd1 Bc3 29. Bxc3 Rxc3 30. Ke2 Rc5 31. Ke3 Kg7 32. Rd2 Kg6 33. h4 Kg7
34. Rc2 Rxc2 35. Bxc2 Bb5 36. Kd4 Be2 37. Kc5 Kf7 38. a3 Ke7 39. b4 axb4 40.
Kxb4 d4 41. Ba4 Kd8 42. Kc5 d3 43. Kd6 d2 44. Kxe6 d1=Q 45. Bxd1 Bxd1 46. Kxf5
Ke7 47. Kf4 Ke6 48. a4 Bxa4 49. g4 hxg4 50. Kxg4 1/2-1/2

[Event "U.S. Amateur North"]
[Site "Detroit, MI"]
[Date "2003.05.17"]
[Round "3.3"]
[White "Garrison, Ray"]
[Black "Sims, Chris"]
[Result "0-1"]
[WhiteElo "1869"]
[BlackElo "1706"]
[PlyCount "43"]
[EventDate "2003.05.17"]

1. e4 e5 2. f4 exf4 3. Bc4 Be7 4. d4 Bh4+ 5. Kf1 Nf6 6. e5 Ne4 7. Qf3 d5 8.
Bxf4 Bf5 9. Be3 Qd7 10. Bxd5 Qxd5 11. Qxf5 Qb5+ 12. Ne2 Qxb2 13. Qxe4 Qxa1 14.
Nec3 O-O 15. Qxh4 Qb2 16. Qe4 Nc6 17. Ke2 Rad8 18. Nd5 Qb5+ 19. Kf2 Qxd5 20.
Qg4 f5 21. Qf4 Qc4 22. Na3 {Remainder illegible, 30?} 0-1

[Event "U.S. Amateur North"]
[Site "Detroit, MI"]
[Date "2003.05.17"]
[Round "1.7"]
[White "Garrison, Ray"]
[Black "Burwell, Ray"]
[Result "1-0"]
[WhiteElo "1869"]
[BlackElo "1630"]
[PlyCount "37"]
[EventDate "2003.05.17"]

1. b3 e5 2. Bb2 Nc6 3. e3 d5 4. Bb5 Bd6 5. c4 Nge7 6. c5 Bxc5 7. Bxe5 O-O 8.
Bb2 a6 9. Qc2 Bb6 10. Bd3 Ng6 11. a3 Qg5 12. Ne2 Qxg2 13. Rg1 Qxh2 14. Nbc3
Nce5 15. O-O-O Nxd3+ 16. Qxd3 c6 17. Nf4 Nxf4 18. exf4 Qxf2 19. Rxg7+ 1-0

[Event "U.S. Amateur North"]
[Site "Detroit, MI"]
[Date "2003.05.17"]
[Round "2.8"]
[White "Gadson, Joseph"]
[Black "Venkatasubba, Kris"]
[Result "1-0"]
[WhiteElo "1793"]
[BlackElo "1650"]
[PlyCount "47"]
[EventDate "2003.05.17"]

1. e4 c5 2. Nf3 d6 3. d4 cxd4 4. Nxd4 Nf6 5. Nc3 a6 6. f4 Qc7 7. Be2 e6 8. Be3
Be7 9. O-O b5 10. e5 dxe5 11. fxe5 Nfd7 12. Bh5 O-O 13. Qf3 Bb7 14. Bxf7+ Kh8
15. Qh3 Qxe5 16. Nxe6 Rxf7 17. Rxf7 Bf6 18. Bd4 Qxd4+ 19. Nxd4 Bxd4+ 20. Kh1
Bc6 21. Qe6 h6 22. Raf1 Bc5 23. Rxg7 Kxg7 24. Rf7+ 1-0

[Event "U.S. Amateur North U1600"]
[Site "Detroit, MI"]
[Date "2003.05.17"]
[Round "3.8"]
[White "Ellis, Jeff"]
[Black "Jones, Cedric"]
[Result "1-0"]
[WhiteElo "1404"]
[BlackElo "967"]
[PlyCount "153"]
[EventDate "2003.05.17"]

1. e4 e5 2. Nc3 Nf6 3. Bc4 c6 4. d3 d5 5. Bb3 dxe4 6. Nxe4 Nxe4 7. Qh5 Nd6 8.
Nf3 g6 9. Qxe5+ Qe7 10. Bg5 Qxe5+ 11. Nxe5 Nd7 12. Ng4 Nc5 13. Nf6+ Kd8 14.
Ne4+ Be7 15. Bxe7+ Kxe7 16. Nxc5 Kf6 17. O-O-O b5 18. Rhe1 a5 19. a3 a4 20. Ba2
Bf5 21. Ne4+ Nxe4 22. dxe4 Bc8 23. Rd6+ Be6 24. e5+ Kf5 25. g4+ Kxg4 26. Bxe6+
fxe6 27. Rxe6 Rac8 28. Rf6 Rhf8 29. Rd1 Rxf6 30. exf6 Kf3 31. Rd6 Kxf2 32. f7
Kg2 33. Rxc6 Rf8 34. Rf6 Kxh2 35. Kd2 g5 36. Ke2 h5 37. Rf2+ Kh3 38. Rf3+ Kg4
39. Kf2 h4 40. Kg2 h3+ 41. Rxh3 Rxf7 42. Rg3+ Kh5 43. Rf3 Rd7 44. Kg3 Rd1 45.
Rf5 Rg1+ 46. Kh2 Rc1 47. Rxb5 Rxc2+ 48. Kg3 Rc4 49. Rb4 Rc2 50. Kf3 Rh2 51. Kg3
Rh4 52. Kg2 Rg4+ 53. Kf3 Rh4 54. Kg3 g4 55. Rxa4 Rh3+ 56. Kg2 Kh4 57. Rb4 Rd3
58. a4 Rd2+ 59. Kf1 Kh3 60. a5 Rd1+ 61. Kf2 g3+ 62. Ke2 g2 63. Rb8 g1=Q 64.
Rh8+ Kg2 65. Rg8+ Kh3 66. Rxg1 Rxg1 67. Kd3 Rg5 68. b4 Kg4 69. a6 Kf4 70. Kc4
Ke5 71. Kc5 Ke6+ 72. Kc6 Rd5 73. b5 Rd6+ 74. Kc7 Rd7+ 75. Kc8 Kd6 76. b6 Kc6
77. a7 1-0

[Event "U.S. Amateur North U1600"]
[Site "Detroit, MI"]
[Date "2003.05.17"]
[Round "2.1"]
[White "Durbin, Ricky"]
[Black "Aguilar, Javier"]
[Result "1-0"]
[WhiteElo "1579"]
[BlackElo "1590"]
[PlyCount "111"]
[EventDate "2003.05.17"]

1. d4 d5 2. Nf3 Nf6 3. c4 e6 4. Nc3 c6 5. e3 Qa5 6. Bd2 Bb4 7. a3 Be7 8. Nxd5
Qd8 9. Nxe7 Qxe7 10. Bb4 Qd8 11. Bd3 a5 12. Bc3 O-O 13. O-O Nbd7 14. Rc1 b6 15.
Bb1 Bb7 16. Qc2 g6 17. Rfd1 Qc7 18. b3 c5 19. Qe2 Be4 20. Bxe4 Nxe4 21. Ba1
Rad8 22. Nd2 Nxd2 23. Rxd2 Rfe8 24. Rcd1 e5 25. d5 Qd6 26. e4 Nf6 27. Rd3 Nh5
28. g3 Rf8 29. Rf1 Rfe8 30. Re3 Ng7 31. f4 f6 32. fxe5 fxe5 33. Ref3 Rf8 34.
Qb2 Rxf3 35. Rxf3 Re8 36. Qf2 Nh5 37. Bb2 Ng7 38. Rf6 Qc7 39. Rc6 Qb8 40. Qf6
Rf8 41. Rxb6 Qc8 42. Qxe5 Qd7 43. Rd6 Qf7 44. Rf6 Qxf6 45. Qxf6 Rxf6 46. Bxf6
Ne8 47. Be7 Kf7 48. Bxc5 Kf6 49. Bd4+ Ke7 50. b4 a4 51. c5 Kd7 52. d6 Kc6 53.
Kf2 Kd7 54. b5 Kc8 55. Ke3 Kd7 56. Kd3 1-0

[Event "U.S. Amateur North U1600"]
[Site "Detroit, MI"]
[Date "2003.05.17"]
[Round "2.5"]
[White "Dixon, Decarlos"]
[Black "Grzegorczyk, Ron"]
[Result "0-1"]
[WhiteElo "433"]
[BlackElo "1590"]
[PlyCount "70"]
[EventDate "2003.05.17"]

1. e4 c5 2. Nc3 d6 3. Bc4 e6 4. Nf3 a6 5. d3 b5 6. Bb3 Nc6 7. Bg5 Be7 8. Bxe7
Ngxe7 9. d4 c4 10. d5 Ne5 11. Ng5 N7g6 12. Nf3 Nxf3+ 13. Qxf3 e5 14. a4 cxb3
15. cxb3 b4 16. Ne2 a5 17. O-O Ba6 18. h3 O-O 19. Rad1 Rc8 20. Qf5 Bxe2 21. Rc1
Bxf1 22. Rxc8 Qxc8 23. Kxf1 Qxf5 24. exf5 Ne7 25. Ke2 Nxd5 26. Kd3 Nf4+ 27. Kc4
d5+ 28. Kb5 d4 29. Kc4 d3 30. g3 d2 31. gxf4 exf4 32. Kb5 d1=Q 33. Kxa5 Rb8 34.
f3 Qd5+ 35. Ka6 Qa8# 0-1

[Event "U.S. Amateur North"]
[Site "Detroit, MI"]
[Date "2003.05.17"]
[Round "1.1"]
[White "Davidovich, Manis"]
[Black "Sobh, Hassan"]
[Result "1-0"]
[WhiteElo "2117"]
[BlackElo "1829"]
[Annotator "Marshall Johnson"]
[PlyCount "77"]
[EventDate "2003.05.17"]

{Irregular King's Pawn: Nimzovich} 1. e4 Nc6 2. d4 d5 3. exd5 Qxd5 4. Nf3 Bg4
5. Be2 e6 6. O-O Nf6 7. h3 Bh5 8. Bf4 Bd6 9. Nc3 Qa5 10. Be3 O-O 11. Nd2 Bxe2
12. Qxe2 Nd5 13. Nce4 Nxe3 14. fxe3 Be7 15. c4 b6 16. a3 Qa6 17. b4 Qb7 18. Ng3
Nb8 19. Nh5 Nd7 20. e4 c5 21. e5 $1 cxd4 22. Qg4 g6 23. Nf6+ Kg7 24. Qh4 Rh8 $2
{It was after this move that Fritz really soured on Black's game. Perhaps,
deserting the f7 square was the fatal flaw.} 25. Nh5+ Kf8 $2 {Fritz believes
Black to be lost at this point, but suggests that more resistance could be
offered by:} (25... gxh5 26. Qxe7 Rhf8 27. Rf4 Rae8 28. Qg5+ $18) 26. Qf4 Ke8
27. Qxf7+ Kd8 28. Ng7 Nxe5 29. Qxe6 Nc6 30. b5 Na5 31. Rf7 Rf8 32. Rxf8+ Bxf8
33. Qe8+ Kc7 34. Qf7+ Kd6 35. Ne8+ Rxe8 36. Qxe8 Qe7 37. Qb8+ Kc5 38. Rc1 $1 {
After this quiet move the noose draws very tight around the Black king's neck
-- shhh! the king hasn'tnoticed!} Bh6 $4 {Fritz gives:} (38... d3 39. Qf4 Bh6 (
39... g5 40. Ne4+ Kd4 41. Nxg5+ Kc5 42. Ne4+ Kd4 43. Nf2+ Kc5 44. Nxd3#) 40.
Qxh6 {And Black is down a rook with no compensation.}) ({Of course} 38... Nxc4
{and}) (38... Qe3+ {are also pretty juicy-looking alternatives that both fail.
We'll leave that as an exercise for the reader (and their computer?)}) 39. Qc7+
$3 {Black Resigns. He can do nothing to avoid mate.} (39. Qc7+ {For after} Qxc7
{White plays} 40. Ne4#) (39. Qc7+ {While after} Nc6 {White has his choice of}
40. Nb3# ({or simply} 40. Qxc6# {The amazing part about this game to me is
that Davidovich decides on move 21 that armed with little more than his queen
and knight, he should be able to prevail against the Black king and all his
defensive forces. Then after move 36 when most players would be happy to gain
an enemy rook for the hard-working pesky little knight, our 2003 Amateur
Champion was just getting started! When it seemed the Black king had weathered
the storm and was going into the end-game down the exchange, White discovered
a fine mating net to end the contest.})) 1-0

[Event "U.S. Amateur North"]
[Site "Detroit, MI"]
[Date "2003.05.17"]
[Round "3.1"]
[White "Davidovich, Manis"]
[Black "Jarosz, Stan"]
[Result "1-0"]
[WhiteElo "2117"]
[BlackElo "2010"]
[PlyCount "47"]
[EventDate "2003.05.17"]

1. e4 c5 2. d4 cxd4 3. c3 dxc3 4. Nxc3 Nc6 5. Nf3 Nf6 6. Bc4 e6 7. Qe2 Qc7 8.
e5 Ng4 9. Bf4 d5 10. Bb3 h5 11. O-O a6 12. Rad1 Be7 13. h3 Nh6 14. Bxd5 exd5
15. Nxd5 Qd8 16. Nf6+ gxf6 17. Rxd8+ Bxd8 18. exf6+ Be6 19. Ng5 Nd4 20. Qd2
Nhf5 21. g4 hxg4 22. hxg4 Bxf6 23. gxf5 Bxg5 24. Qxd4 1-0

[Event "U.S. Amateur North"]
[Site "Detroit, MI"]
[Date "2003.05.17"]
[Round "3.5"]
[White "Choyke, Jack"]
[Black "Ho, Randy"]
[Result "0-1"]
[WhiteElo "1619"]
[BlackElo "1888"]
[PlyCount "102"]
[EventDate "2003.05.17"]

1. e4 c5 2. Nf3 d6 3. d4 cxd4 4. Nxd4 Nf6 5. Nc3 Nc6 6. Bg5 Bd7 7. Bxf6 gxf6 8.
Bc4 Qb6 9. Nb3 Ne5 10. Be2 f5 11. Nd5 Qd8 12. exf5 Bxf5 13. Bb5+ Bd7 14. Qe2
Bxb5 15. Qxb5+ Qd7 16. Nc7+ Kd8 17. Qxd7+ Kxd7 18. Nxa8 Bh6 19. O-O Rxa8 20. c3
Rg8 21. Nd4 Nc4 22. b3 Ne5 23. Rad1 e6 24. Nb5 d5 25. Nxa7 Ra8 26. Nb5 Rxa2 27.
c4 Kc6 28. Ra1 Rb2 29. Na7+ Kc5 30. cxd5 exd5 31. Rab1 Rc2 32. b4+ Kb6 33. Ra1
Nd3 34. b5 Nxf2 35. Ra3 Bf8 36. Raa1 Bc5 37. Nc8+ Kc7 38. Ra8 d4 39. Na7 Ng4
40. Rxf7+ Kb6 41. Nc8+ Kxb5 42. Kf1 d3 43. Rxb7+ Kc6 44. Rb1 Ne3+ 45. Kg1 d2
46. Ne7+ Kd6 47. Nc8+ Ke5 48. Raa1 d1=Q+ 49. Rxd1 Nxd1+ 50. Kf1 Ne3+ 51. Ke1
Bb4# 0-1

[Event "U.S. Amateur North"]
[Site "Detroit, MI"]
[Date "2003.05.17"]
[Round "2.7"]
[White "Burwell, Raymond"]
[Black "Zubatch, Steve"]
[Result "1-0"]
[WhiteElo "1630"]
[BlackElo "1821"]
[Annotator "Don Vandivier"]
[PlyCount "79"]
[EventDate "2003.05.17"]

{Nimzovich: Indian (Spike)} 1. b3 Nf6 2. Bb2 g6 3. g4 h6 4. e3 Bg7 5. Nc3 d5 6.
h3 c6 7. Nf3 Qc7 8. d4 Be6 9. Qe2 Qa5 10. Nd2 Nbd7 11. Bg2 Qc7 12. O-O-O a6 13.
f4 O-O-O 14. Rhf1 Nb6 15. Nf3 Bd7 16. Ne5 Rhf8 17. Ba3 Rde8 18. Bb4 Na8 19. Na4
Nh7 20. Nc5 Bxe5 21. dxe5 Qb6 22. Qd2 Qc7 23. Na4 b6 24. Ba3 Rg8 25. Qe2 Qb7
26. e4 e6 27. exd5 exd5 28. Qe3 Be6 29. Qc3 Kb8 30. Bd6+ Ka7 31. Rf2 Nc7 {
DIAGRAM Black is pretty much tied down and his last move seems like a good
logical choice. However, White finds a way to crack the position... can you
find it?} 32. Bxc7 $1 Qxc7 33. f5 gxf5 34. gxf5 Bd7 35. Rxd5 Qc8 36. Qd4 Rd8
37. Qxb6+ Ka8 38. Ra5 Qb7 39. Rxa6+ Kb8 40. Qa5 1-0

[Event "U.S. Amateur North"]
[Site "Detroit, MI"]
[Date "2003.05.17"]
[Round "3.6"]
[White "Burwell, Ray"]
[Black "LaForge, Tom"]
[Result "0-1"]
[WhiteElo "1630"]
[BlackElo "1907"]
[PlyCount "54"]
[EventDate "2003.05.17"]

1. b3 e5 2. Bb2 Nc6 3. e3 Nf6 4. Nf3 d6 5. Be2 Be7 6. O-O O-O 7. Nc3 Bf5 8. Nh4
Be6 9. Nf3 Nd5 10. Nxd5 Bxd5 11. c4 Be6 12. d4 exd4 13. Nxd4 Nxd4 14. exd4 d5
15. cxd5 Bxd5 16. Bf3 Bf6 17. Bxd5 Qxd5 18. Qg4 Rfe8 19. Rfe1 c5 20. Rxe8+ Rxe8
21. Rd1 cxd4 22. h3 h5 23. Qg3 h4 24. Qd3 g6 25. Bc1 Qe4 26. Qc4 Qe2 27. Qd3
Qxd3 0-1

[Event "U.S. Amateur North U1600"]
[Site "Detroit, MI"]
[Date "2003.05.17"]
[Round "2.7"]
[White "Beydoun, Mohammed"]
[Black "Holden, Anthony"]
[Result "1-0"]
[WhiteElo "1316"]
[BlackElo "1500"]
[PlyCount "81"]
[EventDate "2003.05.17"]

1. e4 c5 2. Nf3 e5 3. Bc4 Nc6 4. d3 d6 5. Ng5 Nh6 6. h3 f6 7. Nf3 g6 8. Nc3 Bd7
9. Nd5 Nf7 10. a3 Bg7 11. O-O h5 12. Nh4 g5 13. Nf3 g4 14. hxg4 hxg4 15. Nh2 f5
16. g3 Ne7 17. exf5 Bxf5 18. Nxg4 Nc6 19. Re1 Qd7 20. Ngf6+ Kf8 21. Nxd7+ Bxd7
22. Nc7 Re8 23. Nxe8 Bxe8 24. c3 Bd7 25. Qf3 Ncd8 26. Bd5 Bc8 27. Kg2 Bh3+ 28.
Kg1 Ke7 29. d4 Bf6 30. Qe2 cxd4 31. cxd4 Nc6 32. Bxc6 bxc6 33. dxe5 dxe5 34. f4
Be6 35. Qa6 Bd5 36. fxe5 Rh1+ 37. Kf2 Rh2+ 38. Ke3 Nxe5 39. Qxa7+ Kd6 40. Qb8+
Kc5 41. Qb4# 1-0

[Event "U.S. Amateur North"]
[Site "Detroit, MI"]
[Date "2003.05.17"]
[Round "1.4"]
[White "Babka, Jay"]
[Black "LaForge, Tom"]
[Result "1/2-1/2"]
[WhiteElo "1721"]
[BlackElo "1907"]
[PlyCount "81"]
[EventDate "2003.05.17"]

1. d4 e6 2. Nf3 d5 3. c3 f5 4. Bg5 Nf6 5. Nbd2 Be7 6. e3 Nbd7 7. Bd3 O-O 8. Ne5
c5 9. O-O Nxe5 10. dxe5 Ne4 11. Bxe7 Qxe7 12. f3 Nxd2 13. Qxd2 Bd7 14. e4 fxe4
15. fxe4 Bc6 16. Qe3 Rad8 17. Rxf8+ Rxf8 18. exd5 Bxd5 19. c4 Bc6 20. Be4 Bxe4
21. Qxe4 Rf5 22. Rf1 g6 23. Rxf5 gxf5 24. Qe3 b6 25. g3 Kg7 26. Kf2 h6 27. Qd2
Qc7 28. Qe3 Qd7 29. Ke2 Kg6 30. h3 Qc6 31. Qf3 Qa4 32. Qb3 Qxb3 33. axb3 Kg5
34. Kf3 a6 35. h4+ Kh5 36. Kf4 Kg6 37. Kf3 Kf7 38. Kf4 Ke7 39. Ke3 b5 40. Kf4
b4 41. Ke3 1/2-1/2

[Event "U.S. Amateur North U1600"]
[Site "Detroit, MI"]
[Date "2003.05.17"]
[Round "1.9"]
[White "Aguilar, Javier"]
[Black "Johnson, David"]
[Result "1-0"]
[WhiteElo "1292"]
[BlackElo "702"]
[Annotator "Marshall Johnson"]
[PlyCount "89"]
[EventDate "2003.05.17"]

1. d4 Nf6 2. e3 g6 3. Bd3 Bg7 4. f4 e6 5. Nf3 O-O 6. O-O Nc6 7. Nbd2 d5 8. Ne5
Nb4 9. Ndf3 Nxd3 10. Qxd3 a6 11. Ng5 Qe7 12. c4 b5 13. cxd5 exd5 14. Bd2 Bf5
15. Qc3 $2 {Better is:} (15. Qb3 $142 $1 {Threatening 16.Bb4 Skewering the Q&R}
Rfc8 16. Ngxf7 h6 17. Bb4 Qe8 18. g4 Nxg4 19. Nxg4 Qxf7 $17 {-.90}) 15... h6
16. Ngf3 Ne4 17. Qb4 Qxb4 $2 (17... Qe6 $142 18. Qa5 f6 19. Nd3 Rfc8 20. Rac1
Bf8 21. Rfe1 Be7 $17 {-1.21}) 18. Bxb4 Rfc8 19. Rac1 a5 20. Be7 f6 21. g4 $2 (
21. Nd3 $142 Nd6 $17) 21... Be6 $2 (21... fxe5 $1 22. gxf5 exd4 23. exd4 (23.
f6 Nxf6 24. Bxf6 Bxf6 25. exd4 $17 {-.93}) 23... gxf5 24. Rc6 Ra7 25. Rd1 Rb7
$17 {-.83}) 22. Nxg6 Bxg4 23. Bc5 Re8 $2 (23... Kf7 $142 $1 $17 {-.84}) 24.
Ne7+ Kh8 $2 (24... Kf7 25. Nxd5 Rac8 $15) 25. Nxd5 Rad8 $4 26. Nxc7 Re7 $4 27.
Bxe7 Rc8 28. Nxb5 Rxc1 29. Rxc1 Bxf3 30. Rc8+ Kh7 31. d5 Bg4 32. Ra8 Bd7 33.
Nc3 f5 34. Nxe4 fxe4 35. b3 Bc3 36. d6 Bd2 37. Kf2 Kg6 38. Rd8 Be6 39. d7 Bb4
40. Bxb4 axb4 41. Rg8+ Bxg8 42. d8=Q h5 43. Qxg8+ Kf6 44. Qg5+ Ke6 45. Qe5+ {
Blk. resigns 1-0} 1-0

[Event "U.S. Amateur North U1600"]
[Site "Detroit, MI"]
[Date "2003.05.18"]
[Round "5.5"]
[White "Wilder, Derek"]
[Black "McNair, Shaun"]
[Result "1-0"]
[WhiteElo "1504"]
[BlackElo "1388"]
[PlyCount "38"]
[EventDate "2003.05.17"]

1. e4 d5 2. exd5 Qxd5 3. Nc3 Qd8 4. Bc4 Nf6 5. Nf3 Bg4 6. Ne5 Be6 7. Bxe6 fxe6
8. O-O g6 9. d4 Bg7 10. Qf3 O-O 11. Qxb7 Nbd7 12. Qb3 Nxe5 13. dxe5 Nd5 14. Rd1
c6 15. Ne4 Qc7 16. c4 Rab8 17. Qh3 Qxe5 18. Ng5 Nf6 19. Nxe6 Rf7 1-0

[Event "U.S. Amateur North"]
[Site "Detroit, MI"]
[Date "2003.05.18"]
[Round "4.6"]
[White "Venkatasubba, Kris"]
[Black "Burwell, Ray"]
[Result "1/2-1/2"]
[WhiteElo "1650"]
[BlackElo "1630"]
[PlyCount "61"]
[EventDate "2003.05.17"]

1. e4 e5 2. Nf3 Nc6 3. Bb5 a6 4. Ba4 b5 5. Bb3 Nd4 6. Nxd4 exd4 7. c3 Bc5 8.
O-O Ne7 9. d3 O-O 10. Bg5 Bb7 11. Nd2 Kh8 12. Kh1 f6 13. Bh4 Ng6 14. Bg3 d5 15.
f4 dxc3 16. bxc3 Be3 17. Bc2 Bxd2 18. Qxd2 dxe4 19. f5 Ne7 20. d4 c5 21. Rae1
cxd4 22. cxd4 Qd7 23. Qf2 Rad8 24. Rd1 Rfe8 25. d5 Bxd5 26. Bxe4 Qc6 27. Rc1
Qb7 28. Rc7 Qa8 29. Ra7 Qc6 30. Rc7 Qa8 31. Ra7 1/2-1/2